00673 2200229 4500001002100000005001700021008004100038020002200079035002400101082001100125090002100136100002200157245006700179250001100246260003700257300002700294500003000321650003100351700001900382990002100401990002100422YOGYA-0712000000048920120731201406.0 ind  a978-602-8316-43-9 0010-071200000000489 a297.57 aDEP 297.57 Muh M aMUHAMMAD THOBRONI aMukjizat Sabar / Muhammad Thobroni; Penyunting, Maftuhah Hamid aCet.1. aYogyakartabPustaka Albanac2012 a158 hlmc21 cm (2 eks) aBibliografi : hlm 157-158 aKehidupan beragama (Islam) aMaftuhah Hamid aCB-D.11 2012-122 aCB-D.11 2012-116